Pozsony város utcái és terei nándorváros

Bibliographic Details
Main Author: Ortvay, Tivadar, 1843-1916 (Author)
Format: Book
Language:Hungarian
PhysicalDescription:154 s., [3] s. fotogr. príl. fotogr., mp. 22 cm
Published: Bratislava Kalligram 2009
ISBN:9788081010774
Edition:1. kiad.
Subjects:

MARC

LEADER 00000cam a2200000 a 4500
001 vtls009848321
003 SK-MaSNL
005 20260425225812.0
008 240313s2009 xo ob g 001 0 hun
015 |a SNBA2009/09-04740 
020 |a 9788081010774  |q (brož.) 
035 |a (SVKBBclas03)vtls000314706 
035 |a urn:nbn:sk:snk-amk6m1 
035 |a urn:nbn:sk:snk-am008csx 
035 |a C4A3705C-DF94-4735-959E-B58588F842B2 
040 |a SNK  |b slo  |c SNK  |e AACR2 
041 0 |a hun 
043 |a e-xo--- 
044 |a xo  |c SK 
072 7 |a 71  |x Územné plánovanie. Urbanizmus. Pamiatková starostlivosť  |2 konspekt 
072 7 |a 94(437)  |x Dejiny Česka a Slovenska  |2 konspekt 
080 |a 711.61  |2 2001 
080 |a 711.73  |2 2001 
080 |a 94(437.6)  |2 2001 
080 |a (048.8)  |2 2001 
100 1 |a Ortvay, Tivadar,  |d 1843-1916  |4 aut  |9 97895 
245 1 0 |a Pozsony város utcái és terei  |b nándorváros  |c Ortvay Tivadar 
250 |a 1. kiad. 
260 |a Bratislava  |b Kalligram  |c 2009 
300 |a 154 s., [3] s. fotogr. príl.  |b fotogr., mp.  |c 22 cm 
500 |a Tir. aj slov. 
504 |a Pozn. Reg. 
650 0 7 |a námestia  |2 SNKPH  |9 26291 
650 0 7 |a ulice  |2 SNKPH  |9 2938 
651 7 |a Bratislava (Slovensko)  |2 SNKPH  |9 14568 
655 7 |a monografie  |2 SNKPH  |9 70139 
919 |a 978-80-8101-077-4 
958 |a HU 
958 |a NM 
958 |a OND 
968 |d 93/94 
999 |c 659305  |d 661235 
952 |a SNK  |b SNK  |y PREZ  |7 0  |p 17A0632889  |o snkSC 137297  |i snk2009/17345  |8 0  |0 0  |1 0  |4 0  |d 2009-09-28  |l 0  |r 2025-07-03 00:00:00  |w 2026-02-23 
952 |a SNK  |b SNK  |y VYP  |7 0  |p 17A0632888  |o snkSC 137297 D1  |i snk2009/17346  |8 0  |0 0  |1 0  |4 0  |d 2009-09-28  |f 1  |l 0  |r 2026-02-23 18:49:13  |w 2026-02-23